Le monde hellénistique (notice n° 2198651)

détails MARC
000 -LEADER
fixed length control field 01594cam a2200169 4500500
005 - DATE AND TIME OF LATEST TRANSACTION
control field 20260405085556.0
041 ## - LANGUAGE CODE
Language code of text/sound track or separate title fre
042 ## - AUTHENTICATION CODE
Authentication code dc
100 10 - MAIN ENTRY--PERSONAL NAME
Personal name Grandjean, Catherine
Relator term author
245 00 - TITLE STATEMENT
Title Le monde hellénistique
260 ## - PUBLICATION, DISTRIBUTION, ETC.
Name of publisher, distributor, etc. Armand Colin,<br/>
Date of publication, distribution, etc. 2024.<br/>
520 ## - SUMMARY, ETC.
Summary, etc. La période hellénistique commence avec l’expansion considérable du monde grec lors de la conquête de l’Empire perse par Alexandre le Grand : ses frontières s’étendent désormais jusqu’à l’Égypte et aux contreforts de l’Himalaya, et elle s’achève lorsque Rome s’empare de l’Orient méditerranéen.Cette époque charnière entre l’histoire grecque et l’histoire romaine a longtemps été considérée comme une période de déclin après la période classique, mais l’historiographie récente a complètement renouvelé les approches en s’appuyant notamment sur l’archéologie et sur l’étude des transferts culturels. Elle met l’accent désormais sur la créativité et la vitalité des habitants du monde hellénistique, qu’ils soient grecs, juifs, égyptiens ou orientaux.L’histoire de cette période est traversée aussi par de vifs débats historiographiques qui rejoignent souvent l’actualité de notre époque, comme la question des identités politiques et culturelles ou la réflexion sur la notion de « déclin ».
700 10 - ADDED ENTRY--PERSONAL NAME
Personal name Hoffmann, Geneviève
Relator term author
700 10 - ADDED ENTRY--PERSONAL NAME
Personal name Capdetrey, Laurent
Relator term author
700 10 - ADDED ENTRY--PERSONAL NAME
Personal name Carrez-Maratray
Relator term author
856 41 - ELECTRONIC LOCATION AND ACCESS
Uniform Resource Identifier <a href="https://shs.cairn.info/le-monde-hellenistique--9782200633103?lang=fr&redirect-ssocas=7080">https://shs.cairn.info/le-monde-hellenistique--9782200633103?lang=fr&redirect-ssocas=7080</a>

Pas d'exemplaire disponible.

PLUDOC

PLUDOC est la plateforme unique et centralisée de gestion des bibliothèques physiques et numériques de Guinée administré par le CEDUST. Elle est la plus grande base de données de ressources documentaires pour les Étudiants, Enseignants chercheurs et Chercheurs de Guinée.

Adresse

627 919 101/664 919 101

25 boulevard du commerce
Kaloum, Conakry, Guinée

Réseaux sociaux

Powered by Netsen Group @ 2025